000 00647nam a2200205 i 4500
001 49060
003 ES-MaACL
005 20230906161857.0
007 t|
008 030707s1964 sp ||||1| cat d
100 1 _aCorral y Coll del Ram, Ernesto.
_940731
245 1 0 _a27 visions de Calitja /
_cErnesto Corral y Coll dell Ram.
260 _aBarcelona :
_bRafael Dalmau,
_c[1964]
300 _a48 p. ;
_c19 cm.
490 1 _aCollecció "La nau dels somnis" ;
_v2
740 0 _aVeintisiete visions de Calitja.
830 0 _aCollecció "La nau dels somnis" ;
_v2
_9230086
852 _aES-MaACL
_j2055-F-1
_bR.57929
999 _c49060
_d49060